000 00657nam a2200253Ia 4500
008 170203s9999 xx 000 0 und d
020 _a9715015581
050 _a226.3
050 _b.H498k 1993
100 _aHendrickx, Herman.
245 2 _aA key to the gospel of Mark /
245 _cMark Hendrickx
260 _aQuezon City :
260 _bClaretian Publishing
260 _c1993
300 _a47 pages ;
300 _c21 cm.
440 _vviii
500 _aIncludes bibliographical references.
650 _a Bible. N.T. Mark
650 _aBible. N.T. Gospels
650 _xCommenatries.
650 _xLiturgical lessons, English.
999 _c305409
_d305409